[Event "Athens Smaok-ch"]
[Site "Greece"]
[Date "2012.10.28"]
[Round "7.10"]
[White "Tsokopoulos, Vasilios"]
[Black "Geroukalis, Hristos"]
[Result "1-0"]
[WhiteElo "1525"]
[BlackElo "1631"]
[PlyCount "79"]
[EventDate "2012.09.16"]
[EventType "swiss"]
[EventRounds "7"]
[EventCountry "GRE"]
[SourceTitle "EXT 2024"]
[Source "ChessBase"]
[SourceDate "2023.10.10"]
[SourceVersion "1"]
[SourceVersionDate "2023.10.10"]
[SourceQuality "1"]

1. e4 d5 2. exd5 Qxd5 3. Nc3 Qa5 4. d4 c6 5. Nf3 Bg4 6. Bc4 e6 7. h3 Bh5 8. Bd2 Nf6 9. g4 Bg6 10. Ne5 Qc7 11. Bf4 Bd6 12. Qd2 Nbd7 13. h4 Nd5 14. Bxd5 cxd5 15. h5 Bxc2 16. Qxc2 Nxe5 17. Bxe5 Bxe5 18. dxe5 Qxe5+ 19. Qe2 Qd6 20. Qb5+ Qd7 21. 0-0 Qxb5 22. Nxb5 Kd7 23. Rac1 Rhc8 24. f4 a6 25. Nd4 Kd6 26. b3 h6 27. Rxc8 Rxc8 28. Rf2 Rc3 29. Kg2 Rd3 30. Nf3 Rc3 31. g5 hxg5 32. fxg5 Rc8 33. Kg3 e5 34. Nh4 Ke6 35. Nf5 Rg8 36. Kg4 d4 37. h6 gxh6 38. Nxh6 Rg7 39. Rf6+ Ke7 40. Nf5+ 1-0

[Event "Athens Smaok-ch"]
[Site "Greece"]
[Date "2012.09.23"]
[Round "2.8"]
[White "Tsagkaropoulos, Spyridon"]
[Black "Tsokopoulos, Vasilios"]
[Result "1-0"]
[WhiteElo "2078"]
[BlackElo "1525"]
[PlyCount "79"]
[EventDate "2012.09.16"]
[EventType "swiss"]
[EventRounds "7"]
[EventCountry "GRE"]
[SourceTitle "EXT 2024"]
[Source "ChessBase"]
[SourceDate "2023.10.10"]
[SourceVersion "1"]
[SourceVersionDate "2023.10.10"]
[SourceQuality "1"]

1. e4 d5 2. exd5 Qxd5 3. Nc3 Qd8 4. d4 Nf6 5. Bc4 Bf5 6. Nf3 e6 7. 0-0 c6 8. Bg5 Nbd7 9. Re1 Be7 10. Qe2 0-0 11. Rad1 Nb6 12. Bb3 Nbd5 13. Nxd5 cxd5 14. Ne5 Ne4 15. Bxe7 Qxe7 16. g4 Bg6 17. f3 Ng5 18. Qg2 h5 19. Nxg6 fxg6 20. Bxd5 Rad8 21. Be4 Rf6 22. Rd3 h4 23. c3 Nxe4 24. Rxe4 g5 25. Rde3 Qd6 26. Qe2 Kf7 27. Re5 h3 28. Rxg5 g6 29. Rge5 Qc6 30. Kf2 Rd5 31. Rxd5 Qxd5 32. b3 a6 33. Kg3 Qd6+ 34. Re5 Qc6 35. Qe3 b5 36. g5 Rf5 37. Rxf5+ exf5 38. Kxh3 Qd6 39. Qe5 Qc6 40. Qf6+ 1-0

[Event "Athens Smaok op 8th"]
[Site "Athens"]
[Date "2008.09.23"]
[Round "1.11"]
[White "Tsokopoulos, Vasilios"]
[Black "Feidakis, Andreas"]
[Result "0-1"]
[WhiteElo "1300"]
[BlackElo "1911"]
[PlyCount "42"]
[EventDate "2008.09.20"]
[EventType "swiss"]
[EventRounds "4"]
[EventCountry "GRE"]
[SourceTitle "EXT 2024"]
[Source "ChessBase"]
[SourceDate "2023.10.10"]
[SourceVersion "1"]
[SourceVersionDate "2023.10.10"]
[SourceQuality "1"]

1. e4 c5 2. Nf3 d6 3. d4 cxd4 4. Nxd4 Nf6 5. Nc3 a6 6. Be3 Ng4 7. Bd2 Qb6 8. f3 Qxd4 9. fxg4 Nc6 10. Bd3 Ne5 11. Be2 Be6 12. Bf4 Qxd1+ 13. Rxd1 Bxg4 14. Bxe5 Bxe2 15. Kxe2 dxe5 16. Nd5 Rc8 17. c3 e6 18. Nb6 Rc6 19. Rd7 Rxb6 20. Rhd1 Rxb2+ 21. Kf3 Be7 0-1